000 00240nam a2200097Ia 4500
005 20250424112838.0
008 250424s9999 xx 000 0 und d
300 _avii, 299 p. :ill. ; 24 cm.
650 _aPsychology--Periodicals.
942 _cSR
999 _c37472
_d37472